000 00212 a2200097 4500
001 30624
100 _aSmith
245 _aPrinciples of Class Teaching
260 _a
_bMacmillan and Co
_c
090 _c20562
_d20562
942 _aNUST-CAE
_cM
_c11739
999 _c265697
_d265697